Tableau des médailles olympiques - Taekwondo - Statistiques

Statistiques générales
  • Ce quiz a été pris 27 fois
  • Le résultat moyen est 8 sur 13
Statistiques - réponses
Total Or Argent Bronze Pays % Correct
10 3 2 5 États-Unis
100%
8 0 3 5 France
100%
22 12 3 7 Corée du Sud
96%
11 7 1 3 Chine
92%
7 1 5 1 Espagne
68%
9 2 3 4 Grande-Bretagne
68%
9 2 1 6 Taiwan
48%
10 1 4 5 Turquie
48%
6 2 1 3 Iran
40%
7 2 2 3 Mexique
40%
6 1 2 3 Thaïlande
36%
6 1 2 3 Cuba
20%
5 1 0 4 Croatie
16%
Aucun quiz correspondant
Distribution des résultats
% des personnes avec chaque résultat
Percentile par nombre de réponses
Votre historique - résultats
Vous n’avez pas pris ce quiz